| 000 | 01550nam0a2200397 4500 | ||
|---|---|---|---|
| 001 | RU\NLR\bibl\1695384 | ||
| 005 | 20250616055903.0 | ||
| 010 |
_a5-7793-1091-2 _bВ пер. |
||
| 021 |
_aRU _b2006-61867 |
||
| 035 | _a(nilc)RSL-KNO-002951477 | ||
| 035 | _a(NLR Aleph) 001686485 | ||
| 090 |
_a1133898 _c1133898 |
||
| 100 | _a20061009d2005 |||y0rusy50 ca | ||
| 101 | 1 |
_arus _cund |
|
| 102 | _aRU | ||
| 105 | _aa ||||||||| | ||
| 200 | 1 |
_aПтицы Европы _e[альбом _eперевод] _fДжон Гульд _g[авт. текста, науч. консультант Евгений Коблик] |
|
| 210 |
_aМосква _cБелый город _d2005 |
||
| 215 |
_a495 с. _cцв. ил. в футляре _d37 |
||
| 225 | 1 | _aКрасота природы | |
| 300 | _aВ предисл. авт.: зоолог и анималист Джон Гульд | ||
| 320 | _aАлф. указ. рус. назв. птиц: с. 494-495 | ||
| 600 | 1 |
_aГульд _bД. _f1804 - 1881 _gДжон _jАльбомы _92609019 _3RU\NLR\auth\661545577 |
|
| 606 | 1 |
_aПтицы _jАльбомы _yЕвропа _91073844 _3RU\NLR\auth\66418616 |
|
| 686 |
_aЕ693.35-85я61 _2rubbk |
||
| 686 |
_aЕ685.9(4)я61 _2rubbk |
||
| 686 |
_aЩ155.653(4Вл)5-391.12я61 _2rubbk |
||
| 686 | _aЕ693.35(4) | ||
| 686 | _aЩ153(4Вл)5-8Гульд | ||
| 700 | 1 |
_aГульд _bД. _f1804-1881 _gДжон _4070 |
|
| 801 | 0 |
_aRU _bРГБ _c20061009 _grcr |
|
| 801 | 1 |
_aRU _bРГБ _c20061009 |
|
| 801 | 2 |
_aRU _bNLR _c20101108 _grcr |
|
| 942 | _cBOOK | ||
| 980 | _aNB | ||